zpět

Detail výsledku týmu

Cabaret café bar, Olomouc

Datum a čas kvízu

22.5 Celkem bodů Celkový počet nahraných bodů na tomto kvízu bez doplňovacích otázek.
7. Pořadí na kvízu Konečné umístění týmu na tomto kvízu.

Zaznamenané odpovědi

# Otázka Odpověď Body Výsledky
1. Ozbrojená policejní eskorta do... 0
2. V Birminghamu se konala výročn... 0
3. Britský režisér Dexter Fletche... 0
4. Dvě české potravinářské firmy,... 0
5. Město Erzurum bylo vyřazeno ze... 0
6. Nyní se podíváme na komunální... 0
7. Výsledky voleb na pražský magi... 0
8. Dva z kandidátů posledních pre... 0
9. Kolik procent voličů navštívil... 0
10. Napište jméno volebního lídra... 0